<?xml version="1.0" encoding="UTF-8"?>
<record
    xmlns:xsi="http://www.w3.org/2001/XMLSchema-instance"
    xsi:schemaLocation="http://www.loc.gov/MARC21/slim http://www.loc.gov/standards/marcxml/schema/MARC21slim.xsd"
    xmlns="http://www.loc.gov/MARC21/slim">

  <leader>00846cam a2200217u  4500</leader>
  <controlfield tag="001">000019874</controlfield>
  <controlfield tag="005">20200929170155.0</controlfield>
  <controlfield tag="008">810917m19231957cu c          000 0 spa  </controlfield>
  <datafield tag="010" ind1=" " ind2=" ">
    <subfield code="a">25007518</subfield>
  </datafield>
  <datafield tag="040" ind1=" " ind2=" ">
    <subfield code="a">DO-SdBNP</subfield>
    <subfield code="c">CarP</subfield>
    <subfield code="d">DLC</subfield>
  </datafield>
  <datafield tag="050" ind1="0" ind2="0">
    <subfield code="a">PQ7389.D4</subfield>
    <subfield code="b">Z55</subfield>
  </datafield>
  <datafield tag="100" ind1="2" ind2=" ">
    <subfield code="a">Figarola-Caneda, Domingo,</subfield>
    <subfield code="d">1852-1926, [from old catalog]</subfield>
    <subfield code="e">ed.</subfield>
    <subfield code="9">42402</subfield>
  </datafield>
  <datafield tag="245" ind1="1" ind2="0">
    <subfield code="a">Centon epistolario de Domingo del Monte,.</subfield>
  </datafield>
  <datafield tag="260" ind1=" " ind2=" ">
    <subfield code="a">Habana, :</subfield>
    <subfield code="b">Imprenta "El Siglo XX,",</subfield>
    <subfield code="c">1923-57.</subfield>
  </datafield>
  <datafield tag="300" ind1=" " ind2=" ">
    <subfield code="a">v. :</subfield>
    <subfield code="b">ports. ;</subfield>
    <subfield code="c">29 cm.</subfield>
  </datafield>
  <datafield tag="600" ind1="2" ind2="0">
    <subfield code="a">Delmonte y Aponte, Domingo,</subfield>
    <subfield code="d">1804-1853. [from old catalog]</subfield>
    <subfield code="9">42403</subfield>
  </datafield>
  <datafield tag="700" ind1="2" ind2=" ">
    <subfield code="a">Llaverias y Martinez, Joaquin,</subfield>
    <subfield code="d">1875- [from old catalog]</subfield>
    <subfield code="e">ed.</subfield>
    <subfield code="9">42404</subfield>
  </datafield>
  <datafield tag="700" ind1="2" ind2=" ">
    <subfield code="a">Mesa Rodriguez, Manuel Isafos,</subfield>
    <subfield code="d">1844- [from old catalog]</subfield>
    <subfield code="e">ed.</subfield>
    <subfield code="9">42405</subfield>
  </datafield>
  <datafield tag="710" ind1="2" ind2=" ">
    <subfield code="a">Academia de la Historia de Cuba.</subfield>
    <subfield code="9">4600</subfield>
  </datafield>
  <datafield tag="910" ind1=" " ind2=" ">
    <subfield code="a">Catalogaci&#xF3;n derivada / LC</subfield>
  </datafield>
  <datafield tag="952" ind1=" " ind2=" ">
    <subfield code="0">0</subfield>
    <subfield code="1">0</subfield>
    <subfield code="5">0</subfield>
    <subfield code="7">1</subfield>
    <subfield code="8">MO</subfield>
    <subfield code="a">GR</subfield>
    <subfield code="b">GR</subfield>
    <subfield code="c">CT</subfield>
    <subfield code="d">2010-07-08</subfield>
    <subfield code="i">LF1</subfield>
    <subfield code="l">0</subfield>
    <subfield code="o">t.5</subfield>
    <subfield code="p">19874-10</subfield>
    <subfield code="r">2020-06-25</subfield>
    <subfield code="w">2020-06-25</subfield>
    <subfield code="y">1</subfield>
    <subfield code="Z">No se presta</subfield>
  </datafield>
  <datafield tag="999" ind1=" " ind2=" ">
    <subfield code="c">19387</subfield>
    <subfield code="d">19387</subfield>
  </datafield>
</record>
